<?xml version="1.0" encoding="UTF-8"?>
<record
    xmlns:xsi="http://www.w3.org/2001/XMLSchema-instance"
    xsi:schemaLocation="http://www.loc.gov/MARC21/slim http://www.loc.gov/standards/marcxml/schema/MARC21slim.xsd"
    xmlns="http://www.loc.gov/MARC21/slim">

  <leader>04892nam a2200445Ia 4500</leader>
  <controlfield tag="001">dia_6092</controlfield>
  <controlfield tag="003">CHAP</controlfield>
  <controlfield tag="005">20241206135046.0</controlfield>
  <controlfield tag="007">ta</controlfield>
  <controlfield tag="008">220117s2007    mx ado frm    001 0 spa d</controlfield>
  <datafield tag="010" ind1=" " ind2=" ">
    <subfield code="a">177243</subfield>
  </datafield>
  <datafield tag="040" ind1=" " ind2=" ">
    <subfield code="c">CHAP</subfield>
    <subfield code="a">mxchpua</subfield>
    <subfield code="e">rda</subfield>
  </datafield>
  <datafield tag="041" ind1="0" ind2=" ">
    <subfield code="a">spa</subfield>
    <subfield code="b">eng</subfield>
  </datafield>
  <datafield tag="090" ind1=" " ind2=" ">
    <subfield code="a">Tesis </subfield>
    <subfield code="b">C337 </subfield>
    <subfield code="c">2007</subfield>
  </datafield>
  <datafield tag="100" ind1="1" ind2=" ">
    <subfield code="a">Cabrera Soto, Mar&#xED;a Luisa</subfield>
  </datafield>
  <datafield tag="240" ind1="1" ind2="0">
    <subfield code="a">Identification of phenolic compounds associated with darkening of tortillas prepared with white corn.</subfield>
    <subfield code="l">Espa&#xF1;ol</subfield>
  </datafield>
  <datafield tag="245" ind1="1" ind2="0">
    <subfield code="a">Identificaci&#xF3;n de los compuestos fen&#xF3;licos asociados con el oscurecimiento de tortillas elaboradas con ma&#xED;ces blancos /</subfield>
    <subfield code="c">Mar&#xED;a Luisa Cabrera Soto</subfield>
  </datafield>
  <datafield tag="264" ind1=" " ind2=" ">
    <subfield code="a">Chapingo, M&#xE9;xico :</subfield>
    <subfield code="b">El autor,</subfield>
    <subfield code="c">2007</subfield>
  </datafield>
  <datafield tag="300" ind1=" " ind2=" ">
    <subfield code="a">v, 64 hojas :</subfield>
    <subfield code="b">ilustraciones, gr&#xE1;ficas, tablas, fotos +</subfield>
    <subfield code="e">1 CD-ROM</subfield>
  </datafield>
  <datafield tag="336" ind1=" " ind2=" ">
    <subfield code="2">rdacontent</subfield>
    <subfield code="a">texto</subfield>
    <subfield code="b">txt</subfield>
  </datafield>
  <datafield tag="337" ind1=" " ind2=" ">
    <subfield code="2">rdamedia</subfield>
    <subfield code="a">no mediado</subfield>
    <subfield code="b">n</subfield>
  </datafield>
  <datafield tag="338" ind1=" " ind2=" ">
    <subfield code="2">rdacarrier</subfield>
    <subfield code="a">volumen</subfield>
    <subfield code="b">nc</subfield>
  </datafield>
  <datafield tag="502" ind1=" " ind2=" ">
    <subfield code="a">Tesis </subfield>
    <subfield code="b">(Ingeniero  Agroindustrial) -- </subfield>
    <subfield code="c">UACh. Departamento de Ingenier&#xED;a Agroindustrial, </subfield>
    <subfield code="d">2007</subfield>
  </datafield>
  <datafield tag="504" ind1=" " ind2=" ">
    <subfield code="a">Bibliograf&#xED;a: hojas 51-56</subfield>
  </datafield>
  <datafield tag="520" ind1="3" ind2=" ">
    <subfield code="a">Con frecuencia, los ma&#xED;ces de grano blanco cultivados en los Valles Altos de M&#xE9;xico producen masa y tortilla que se oscurecen con el tiempo. Se cree que los compuestos fen&#xF3;licos est&#xE1;n asociados con este pardeamiento, pero no se sabe cu&#xE1;l de ellos es el que propicia la aparici&#xF3;n de colores indeseables. Los objetivos del trabajo fueron cuantificar los compuestos fen&#xF3;licos glucosilados, esterificados, libres e insolubles presentes en el endospermo, pericarpio y germen de cuatro ma&#xED;ces h&#xED;bridos producidos en tres localidades diferentes y determinar su relaci&#xF3;n con el color de la tortillas. La determinaci&#xF3;n de fenoles se realiz&#xF3; mediante el m&#xE9;todo de Folin-Ciocalteu y la identificaci&#xF3;n se hizo por cromatograf&#xED;a l&#xED;quida de alta resoluci&#xF3;n (HPLC). En el germen se encontr&#xF3; la mayor concentraci&#xF3;n de fenoles totales, seguido del pericarpio y endospermo. En el germen dominaron los fenoles libres; en el  pericarpio y endospermo los insolubles. Los ma&#xED;ces que produjeron las tortillas m&#xE1;s "pardas" presentaron un mayor contenido de fenoles glucosilados y esterificados en el endospermo. Los &#xE1;cidos fen&#xF3;licos identificados en la fracci&#xF3;n de fenoles esterificados fueron g&#xE1;lico, clorog&#xE9;nico, p-hidroxibenzoico, vin&#xED;lico, caf&#xE9;ico, sir&#xED;ngico p-cum&#xE1;rico, trans-fer&#xFA;lico, sin&#xE1;pico y salic&#xED;lico; de estos &#xE1;cidos, el sir&#xED;ngico estuvo presente s&#xF3;lo en el ma&#xED;z que produce tortillas pardas, por lo que, sin duda es necesario realizar m&#xE1;s estudios para precisar si este &#xE1;cido podr&#xED;a estar participando en el pardeamiento de masa y tortillas. --</subfield>
  </datafield>
  <datafield tag="520" ind1="3" ind2=" ">
    <subfield code="a">Frequently, white maize grains grown in the High Valleys of Mexico produce tortilla and masa that develop darkeness over the time. It is believed that the phenolic compounds are associated with this phenomenon, but it is not known which of them is conducive to the emergence of these undesirable colors. The objectives of the study were to Frequently, white maize grains grown in the High Valleys of Mexico produce tortilla quantify the glucosydic, esterified, free and cell-wall bound phenolics in the endosperm, germ and pericarp of four corn hybrids produced in three different locations and determine its relationship with the color of the tortillas. The determination of phenolics was performed using the Folin-Ciocalteu method and the identification was made by high performance liquid chromatography (HPLC). In the germ was found the highest concentration of total phenolics, followed by the endosperm and pericarp. In the germ dominated the free phenolics, in the pericarp and endosperm the cell-wall bound phenolics. The maizes that produced the darker tortillas showed the highest content of glucosydic and esterified phenolics in the endosperm. The phenolic acids identified in the esterified fraction were gallic, clorogenic, p-hydroxybenzoic, vanillic, caffeic, siryngic, p-cumaric, trans-ferulic, sinapic and salicylic; of these, siryngic acid was present only in the maize that produces dark tortillas. It is certainly necessary to develop more studies to clarify whether this acid may be involved in the "darkness" of masa and tortillas.</subfield>
  </datafield>
  <datafield tag="650" ind1="1" ind2="3">
    <subfield code="a">Tortillas</subfield>
    <subfield code="x">Calidad de procesamiento de los alimentos  </subfield>
    <subfield code="2">atg</subfield>
  </datafield>
  <datafield tag="650" ind1="1" ind2="3">
    <subfield code="a">Tortillas</subfield>
    <subfield code="x">Pardeamiento enzim&#xE1;tico  </subfield>
    <subfield code="2">atg</subfield>
  </datafield>
  <datafield tag="650" ind1="1" ind2="3">
    <subfield code="a">Tortillas</subfield>
    <subfield code="x">Enzymatic browning  </subfield>
    <subfield code="2">atg</subfield>
  </datafield>
  <datafield tag="650" ind1="1" ind2="3">
    <subfield code="a">Tortillas</subfield>
    <subfield code="x">Food processing quality</subfield>
    <subfield code="2">atg</subfield>
  </datafield>
  <datafield tag="700" ind1="1" ind2=" ">
    <subfield code="a">Salinas Moreno, Yolanda</subfield>
    <subfield code="e">directora</subfield>
  </datafield>
  <datafield tag="700" ind1="1" ind2=" ">
    <subfield code="a">Espinosa Trujillo, Edgar</subfield>
    <subfield code="e">asesor</subfield>
  </datafield>
  <datafield tag="700" ind1="1" ind2=" ">
    <subfield code="a">Santos Moreno, Armando</subfield>
    <subfield code="e">asesor</subfield>
  </datafield>
  <datafield tag="856" ind1="4" ind2="1">
    <subfield code="u">http://10.13.5.2/tesis/106488.pdf</subfield>
    <subfield code="y">DESCARGAR PDF</subfield>
  </datafield>
  <datafield tag="901" ind1=" " ind2=" ">
    <subfield code="a">TESIS C337 2007</subfield>
  </datafield>
  <datafield tag="902" ind1=" " ind2=" ">
    <subfield code="a">M</subfield>
  </datafield>
  <datafield tag="905" ind1=" " ind2=" ">
    <subfield code="a">5232272007                          mx nmal8223123322spa16</subfield>
  </datafield>
  <datafield tag="942" ind1=" " ind2=" ">
    <subfield code="c">TESIS</subfield>
    <subfield code="2">Clasificaci&#xF3;n Universidad Aut&#xF3;noma Chapingo</subfield>
  </datafield>
  <datafield tag="999" ind1=" " ind2=" ">
    <subfield code="c">177243</subfield>
    <subfield code="d">177243</subfield>
  </datafield>
  <datafield tag="952" ind1=" " ind2=" ">
    <subfield code="0">0</subfield>
    <subfield code="1">0</subfield>
    <subfield code="2">local</subfield>
    <subfield code="4">0</subfield>
    <subfield code="5">1</subfield>
    <subfield code="7">0</subfield>
    <subfield code="8">TESIS</subfield>
    <subfield code="a">IA_</subfield>
    <subfield code="b">IA_</subfield>
    <subfield code="d">2022-01-18</subfield>
    <subfield code="e">El autor</subfield>
    <subfield code="l">0</subfield>
    <subfield code="o">Tesis C337 2007</subfield>
    <subfield code="p">1101009078</subfield>
    <subfield code="r">2025-04-03 09:57:46</subfield>
    <subfield code="t">Ej. 3</subfield>
    <subfield code="w">2022-01-18</subfield>
    <subfield code="y">CD</subfield>
  </datafield>
  <datafield tag="952" ind1=" " ind2=" ">
    <subfield code="0">0</subfield>
    <subfield code="1">0</subfield>
    <subfield code="2">local</subfield>
    <subfield code="4">0</subfield>
    <subfield code="5">1</subfield>
    <subfield code="7">0</subfield>
    <subfield code="8">TESIS</subfield>
    <subfield code="a">IA_</subfield>
    <subfield code="b">IA_</subfield>
    <subfield code="d">2022-01-18</subfield>
    <subfield code="e">El autor</subfield>
    <subfield code="l">0</subfield>
    <subfield code="o">Tesis C337 2007</subfield>
    <subfield code="p">1101009076</subfield>
    <subfield code="r">2026-02-02 00:00:00</subfield>
    <subfield code="t">Ej. 1</subfield>
    <subfield code="w">2022-01-18</subfield>
    <subfield code="y">TESIS</subfield>
  </datafield>
  <datafield tag="952" ind1=" " ind2=" ">
    <subfield code="0">0</subfield>
    <subfield code="1">0</subfield>
    <subfield code="2">local</subfield>
    <subfield code="4">0</subfield>
    <subfield code="5">5</subfield>
    <subfield code="7">0</subfield>
    <subfield code="8">TESIS</subfield>
    <subfield code="a">IA_</subfield>
    <subfield code="b">IA_</subfield>
    <subfield code="d">2022-01-18</subfield>
    <subfield code="e">El autor</subfield>
    <subfield code="l">0</subfield>
    <subfield code="o">Tesis C337 2007</subfield>
    <subfield code="p">1101009077</subfield>
    <subfield code="r">2026-02-02 00:00:00</subfield>
    <subfield code="t">Ej. 2</subfield>
    <subfield code="w">2022-01-18</subfield>
    <subfield code="y">TESIS</subfield>
  </datafield>
  <datafield tag="952" ind1=" " ind2=" ">
    <subfield code="0">0</subfield>
    <subfield code="1">0</subfield>
    <subfield code="2">local</subfield>
    <subfield code="4">0</subfield>
    <subfield code="7">0</subfield>
    <subfield code="8">TesDigL</subfield>
    <subfield code="a">IA_</subfield>
    <subfield code="b">IA_</subfield>
    <subfield code="c">E_L</subfield>
    <subfield code="d">2024-01-26</subfield>
    <subfield code="e">El autor</subfield>
    <subfield code="l">0</subfield>
    <subfield code="p">1201009076</subfield>
    <subfield code="r">2024-01-26 00:00:00</subfield>
    <subfield code="w">2024-01-26</subfield>
    <subfield code="y">TD</subfield>
  </datafield>
</record>
